000 00533nam a2200205Ia 4500
003 OSt
005 20260102151436.0
008 210210b1962 xxu||||| |||| 00| 0 eng d
040 _cAL
041 _akan
082 _a859/1918
100 _aSHYAMU
_9156768
_dಶ್ಯಾಮು
245 _aTirisida sala:
_bತೀರಿಸಿದ ಸಾಲ
260 _aMaisuru
_bBharati Prakashana
_c1962
650 _aTIrisida
_9156769
650 _asAla
_9156770
690 _aKannada Fiction
_9156771
906 _a022635
942 _2ddc
_cBK
999 _c147203
_d147203